| 000 | 00602nam a22001937a 4500 | ||
|---|---|---|---|
| 003 | NUST | ||
| 005 | 20230126150529.0 | ||
| 008 | 190705b ||||| |||| 00| 0 eng d | ||
| 038 | _aMr. Zahoor | ||
| 082 | _a530 | ||
| 100 |
_aHussain, Saqib _916805 |
||
| 245 |
_aMotion of a Charged Particle Around a Slowly Rotating Kerr Black Hole Immersed in a Magnetic Field _cSaqib Hussain |
||
| 260 |
_aIslambad : _bSNS - NUST, _c2014. |
||
| 300 |
_avi, 64 p. : ill. ; _c30cm. |
||
| 500 | _aHardcover. | ||
| 650 |
_aPhysics - M.Phil Thesis _916472 |
||
| 700 |
_aDr. Mubasher Jamil _916806 |
||
| 942 |
_2ddc _cTHE |
||
| 999 |
_c525860 _d525860 |
||